Looney Tunes Characters by Catchphrase - Statistics

General Stats
  • This quiz has been taken 1,173 times
  • The average score is 10 of 13
Answer Stats
Phrase Character % Correct
What's up, doc? Bugs Bunny
99%
That's all, folks Porky Pig
93%
Meep! Meep Road Runner
90%
The fastest mouse in all Mexico Speedy Gonzales
90%
I tawt I taw a puddy-tat! Tweety
90%
You're dethpicable... Daffy Duck
88%
Thuffering thuccotash! Sylvester the cat
83%
Why you wascawwy wabbit! Elmer Fudd
80%
yablphlabablfsssgrowlllroowlwlllrawwrlphhh Tasmanian Devil
72%
I say, I say... Foghorn Legorn
67%
Vive l'amour! Pepe le Pew
63%
Great horny toads! Yosemite Sam
49%
Being a genius certainly has its advantages Wile E. Coyote
38%
No matching quizzes found
Score Distribution
Percent of People with Each Score
Percentile by Number Answered
Your Score History
You have not taken this quiz